| 000 | 00515nam a22001817a 4500 | ||
|---|---|---|---|
| 003 | NUST - PNEC | ||
| 005 | 20170116180809.0 | ||
| 008 | 150424b xxu||||| |||| 00| 0 eng d | ||
| 020 | _a- | ||
| 040 | _cLIBRARY | ||
| 082 | _a379.5491 NAJ | ||
| 100 |
_93206 _aNajmi, Safdar Ali |
||
| 245 |
_aQuaid-e-Azam ka tasawar-e-taleem aur Pakistan _cSafdar Ali Najmi |
||
| 260 |
_aKarachi: _bUniversal Publication, _cc2004 |
||
| 300 |
_a330 p. :: _c22 cm. |
||
| 650 |
_93208 _aPakistan, Education _xGeneral |
||
| 942 |
_2ddc _cBK |
||
| 999 |
_c63301 _d63301 |
||